[Event "XI Festival A"]
[Site "Verona ITA"]
[Date "2005.01.03"]
[Round "2"]
[White "Lettieri, Giuseppe"]
[Black "Bruno, Fabio"]
[Result "1-0"]
[WhiteElo "2202"]
[BlackElo "2379"]
[PlyCount "131"]
[EventDate "2005.01.02"]

1. e4 c5 2. Nf3 e6 3. c3 Nf6 4. e5 Nd5 5. d4 cxd4 6. cxd4 d6 7. Bc4 Bd7 8. O-O
Bc6 9. Qe2 Nd7 10. Bd2 Be7 11. Re1 Qc7 12. Bxd5 Bxd5 13. Nc3 Qc4 14. Qxc4 Bxc4
15. b3 Ba6 16. Nd5 Rc8 17. Nxe7 Kxe7 18. Bb4 f6 19. Bxd6+ Kf7 20. d5 Nc5 21.
exf6 gxf6 22. Bxc5 Rxc5 23. dxe6+ Ke7 24. Rad1 Bb5 25. Nd4 Be8 26. Rc1 Rd5 27.
Nc2 Re5 28. Nb4 Kxe6 29. Rxe5+ fxe5 30. Nd3 Kd5 31. f3 Kd4 32. Rd1 Rg8 33. Nf2+
Ke3 34. Ne4 Ke2 35. Rd8 Bf7 36. Rd7 Bg6 37. Rxb7 Bxe4 38. fxe4 Kd3 39. Rxa7
Kxe4 40. Kf2 Rf8+ 41. Ke2 Rg8 42. g3 Re8 43. Ra4+ Kd5 44. Re4 Ra8 45. a4 Rb8
46. Re3 Kd4 47. Rd3+ Ke4 48. Kd2 Rf8 49. Rd7 Rf2+ 50. Kc3 Rxh2 51. b4 Rh3 52.
b5 Rxg3+ 53. Kc4 Ra3 54. Kb4 Ra1 55. Rxh7 Kd5 56. Rh8 Kd6 57. Re8 Re1 58. Ka5
Kd7 59. Rh8 e4 60. Kb6 e3 61. a5 Rg1 62. Rh2 Ke8 63. Ka6 Rg6+ 64. b6 Re6 65.
Ka7 Re7+ 66. Ka8 1-0

[Event "XI Festival A"]
[Site "Verona ITA"]
[Date "2005.01.03"]
[Round "2"]
[White "Martinez, Rolly"]
[Black "Brunello, Sabino"]
[Result "1/2-1/2"]
[WhiteElo "2416"]
[BlackElo "2268"]
[PlyCount "78"]
[EventDate "2005.01.02"]

1. e4 e5 2. Bc4 Nc6 3. Nf3 Bc5 4. d3 Nf6 5. Bb3 d6 6. O-O a6 7. c3 Ba7 8. h3 h6
9. Re1 O-O 10. Nbd2 Nh5 11. Nf1 Qf6 12. Ne3 Nf4 13. Nd5 Nxd5 14. exd5 Ne7 15.
d4 exd4 16. Nxd4 Nf5 17. Nxf5 Bxf5 18. Be3 Bxe3 19. Rxe3 Rfe8 20. Qe2 Bd7 21.
Re1 Rxe3 22. Qxe3 Re8 23. Qd2 Kf8 24. Rxe8+ Kxe8 25. f4 Kd8 26. Bd1 g6 27. Bf3
h5 28. Kh2 Bc8 29. Qe3 Bd7 30. g3 Qf5 31. g4 hxg4 32. hxg4 Qb1 33. Qd4 Qxb2+
34. Kg3 Qc1 35. Qf6+ Ke8 36. Qh8+ Ke7 37. Qh4+ Ke8 38. Qh8+ Ke7 39. Qh4+ Ke8
1/2-1/2

[Event "XI Festival A"]
[Site "Verona ITA"]
[Date "2005.01.03"]
[Round "2"]
[White "Masullo, Andrea"]
[Black "Mrdja, Milan"]
[Result "0-1"]
[WhiteElo "2133"]
[BlackElo "2395"]
[PlyCount "81"]
[EventDate "2005.01.02"]

1. e4 Nf6 2. e5 Nd5 3. d4 d6 4. Nf3 Bg4 5. Be2 e6 6. c4 Nb6 7. exd6 cxd6 8. O-O
Be7 9. b3 Bf6 10. Bb2 d5 11. c5 Bxf3 12. Bxf3 Nc8 13. Re1 Nc6 14. a3 O-O 15. b4
a6 16. Qd3 b6 17. Nd2 bxc5 18. bxc5 N8e7 19. g4 Ng6 20. Nf1 Qa5 21. Bc3 Qa4 22.
Bd1 Qb5 23. Qd2 e5 24. Be2 Qb7 25. Rab1 Qd7 26. Ng3 exd4 27. Ba1 Nge5 28. Nf5
d3 29. f4 dxe2 30. fxe5 Bxe5 31. Rxe2 f6 32. Rb6 g6 33. Rxc6 gxf5 34. Rd6 Bxd6
35. Qxd5+ Qf7 36. Qxd6 Rad8 37. Qg3 Rd1+ 38. Re1 f4 39. Qf2 Qd5 40. Bc3 Re8 41.
Rxd1 0-1

[Event "XI Festival A"]
[Site "Verona ITA"]
[Date "2005.01.03"]
[Round "2"]
[White "Opacic, Alexandar"]
[Black "Ortega, Lexy"]
[Result "0-1"]
[WhiteElo "2140"]
[BlackElo "2445"]
[PlyCount "38"]
[EventDate "2005.01.02"]

1. e4 c5 2. Nf3 e6 3. d4 cxd4 4. Nxd4 a6 5. c4 Qc7 6. Nc3 Nf6 7. Be3 Bb4 8. Bd3
b6 9. Rc1 Bb7 10. f3 h5 11. Qb3 Bc5 12. Na4 d6 13. e5 dxe5 14. Nxe6 fxe6 15.
Nxc5 bxc5 16. Bg6+ Ke7 17. Qa3 Nbd7 18. Qb3 Rhc8 19. Rd1 e4 0-1

[Event "XI Festival A"]
[Site "Verona ITA"]
[Date "2005.01.03"]
[Round "2"]
[White "Padovani, Alessio"]
[Black "Sbarra, Marco"]
[Result "0-1"]
[WhiteElo "2091"]
[BlackElo "2204"]
[PlyCount "50"]
[EventDate "2005.01.02"]

1. c4 e6 2. g3 d5 3. Bg2 c5 4. cxd5 exd5 5. d4 Nc6 6. Nc3 cxd4 7. Nxd5 Nf6 8.
Bf4 Nxd5 9. Bd2 Be7 10. Nf3 O-O 11. O-O Be6 12. a3 Qd7 13. Ne1 Bh3 14. Nd3 Bxg2
15. Kxg2 Rfe8 16. Rb1 Rad8 17. Re1 h6 18. Qc2 Nb6 19. Rbd1 Bg5 20. Nc5 Qd5+ 21.
Kg1 Bxd2 22. Rxd2 Nc4 23. Rd3 Qxc5 24. b3 N6e5 25. Rdd1 d3 0-1

[Event "XI Festival A"]
[Site "Verona ITA"]
[Date "2005.01.03"]
[Round "2"]
[White "Perryman, Marcus"]
[Black "Pechy, Alaster"]
[Result "0-1"]
[WhiteElo "2077"]
[BlackElo "2176"]
[PlyCount "48"]
[EventDate "2005.01.02"]

1. e4 c5 2. Nf3 Nc6 3. d4 cxd4 4. Nxd4 Nf6 5. Nc3 e5 6. Ndb5 d6 7. Bg5 a6 8.
Na3 b5 9. Nd5 Be7 10. Bxf6 Bxf6 11. c3 Bg5 12. Nc2 Rb8 13. Bd3 O-O 14. Nce3 Be6
15. O-O Ne7 16. Qc2 Bxd5 17. Nxd5 Nxd5 18. exd5 g6 19. a4 Qb6 20. axb5 axb5 21.
Qb3 f5 22. h4 Bxh4 23. Qb4 Bd8 24. Ra5 Qxa5 0-1

[Event "XI Festival A"]
[Site "Verona ITA"]
[Date "2005.01.03"]
[Round "2"]
[White "Petraki, Maria"]
[Black "Popa, Florin"]
[Result "0-1"]
[WhiteElo "2128"]
[BlackElo "2216"]
[PlyCount "32"]
[EventDate "2005.01.02"]

1. e4 e5 2. Nc3 Nc6 3. g3 g6 4. Bg2 Bg7 5. d3 d6 6. Nge2 Nf6 7. O-O O-O 8. h3
Be6 9. f4 Qd7 10. Kh2 Rfe8 11. g4 exf4 12. Nxf4 h6 13. Nxe6 Qxe6 14. Nd5 Nh7
15. c3 Rf8 16. d4 Nd8 0-1

[Event "XI Festival A"]
[Site "Verona ITA"]
[Date "2005.01.03"]
[Round "2"]
[White "Santurbano, Maria Vincenza"]
[Black "Capitelli, Paolo"]
[Result "0-1"]
[WhiteElo "1984"]
[BlackElo "2161"]
[PlyCount "73"]
[EventDate "2005.01.02"]

1. e4 c5 2. Nf3 e6 3. d4 cxd4 4. Nxd4 Nf6 5. Nc3 Nc6 6. Nxc6 bxc6 7. e5 Nd5 8.
Nxd5 cxd5 9. Bd3 d6 10. Qe2 Be7 11. Bf4 O-O 12. Qh5 g6 13. Qg4 dxe5 14. Bxe5 f6
15. Bc3 e5 16. Qa4 Bd7 17. Bb5 Bxb5 18. Qxb5 Rb8 19. Qa6 Qb6 20. Qxb6 Rxb6 21.
Rb1 Rc8 22. Kd2 Rbc6 23. Rhe1 Bf8 24. Rbc1 Bh6+ 25. Kd3 Bxc1 26. Rxc1 Kf7 27.
g3 Ke6 28. f3 d4 29. Bb4 Kd5 30. b3 f5 31. c4+ dxc3 32. Rxc3 e4+ 33. fxe4+
fxe4+ 34. Kd2 Rxc3 35. Bxc3 e3+ 36. Kd3 Rxc3+ 37. Kxc3 0-1

[Event "XI Festival A"]
[Site "Verona ITA"]
[Date "2005.01.03"]
[Round "2"]
[White "Scharrer, Patrick"]
[Black "Miatello, Alberto"]
[Result "0-1"]
[WhiteElo "2206"]
[BlackElo "2080"]
[PlyCount "110"]
[EventDate "2005.01.02"]

1. e4 c5 2. Nf3 e6 3. d4 cxd4 4. Nxd4 Nc6 5. Be3 Nf6 6. Bd3 d5 7. Nxc6 bxc6 8.
e5 Nd7 9. f4 Ba6 10. O-O Bxd3 11. cxd3 Be7 12. f5 exf5 13. Rxf5 g6 14. Rf1 Nxe5
15. d4 Nc4 16. Bh6 f6 17. Qe2 Kf7 18. Nd2 Nxd2 19. Qxd2 Qd6 20. Rae1 Rhe8 21.
Bf4 Qb4 22. Qf2 h5 23. a3 Qb7 24. Bd6 f5 25. Be5 Bf6 26. Qf4 Bxe5 27. dxe5 Re6
28. b4 Kg7 29. h3 Qe7 30. Re2 Rf8 31. Qd4 Qc7 32. Kh1 Qb6 33. Qf4 Qa6 34. Qf3
Qc4 35. Qf2 Rf7 36. Rc2 Qb3 37. Rfc1 Qxa3 38. Qd4 Qa6 39. Ra1 Qb6 40. Qf4 Rfe7
41. Rca2 Rb7 42. g3 Qc7 43. Re2 Qb8 44. Qd4 Kg8 45. b5 Rxb5 46. Rxa7 Rb7 47.
Rxb7 Qxb7 48. Rb2 Qc7 49. Re2 Re8 50. g4 fxg4 51. hxg4 Qd7 52. Rg2 hxg4 53.
Rxg4 Re6 54. Rg2 Qg7 55. Qh4 Qh7 0-1

[Event "XI Festival A"]
[Site "Verona ITA"]
[Date "2005.01.03"]
[Round "2"]
[White "Skembris, Spyridon"]
[Black "D'Innocente, Stefano"]
[Result "1/2-1/2"]
[WhiteElo "2445"]
[BlackElo "2280"]
[PlyCount "140"]
[EventDate "2005.01.02"]

1. e4 e5 2. Nf3 Nc6 3. Bb5 a6 4. Ba4 Nf6 5. O-O Be7 6. Re1 b5 7. Bb3 O-O 8. c3
d6 9. h3 Nb8 10. d4 Nbd7 11. Nbd2 Bb7 12. Bc2 Re8 13. b3 d5 14. dxe5 Nxe4 15.
Nxe4 dxe4 16. e6 Nf6 17. exf7+ Kxf7 18. Ng5+ Kg8 19. Be3 h6 20. Ne6 Qc8 21. Nc5
Bc6 22. b4 a5 23. a3 axb4 24. axb4 Bd6 25. Rxa8 Qxa8 26. Bd4 Be5 27. Bb3+ Kh8
28. Bxe5 Rxe5 29. Ne6 Qc8 30. Nf4 Kh7 31. Qd4 Qf5 32. Qe3 Re7 33. Ra1 Bd5 34.
Nxd5 Nxd5 35. Qc5 Re5 36. Bxd5 Rxd5 37. Qxc7 Rd2 38. Rf1 Rc2 39. Qc6 Qf4 40.
Qxb5 Rxc3 41. Qb6 Rb3 42. Qd4 Rd3 43. Qc4 Rd2 44. Qc3 Rd3 45. Qc1 Qe5 46. Re1
Qd4 47. Qf4 Qxb4 48. Qf5+ Kg8 49. Rxe4 Rd1+ 50. Kh2 Qd6+ 51. f4 Qf8 52. Qe6+
Kh7 53. Rc4 Rd6 54. Qe4+ Kh8 55. h4 Qd8 56. Qe1 Rd4 57. Rxd4 Qxd4 58. Qe8+ Kh7
59. Qf7 Qf2 60. Qf5+ Kh8 61. Kh3 Qe3+ 62. g3 Qf3 63. Qc8+ Kh7 64. Qc2+ Kh8 65.
Qg2 Qd3 66. Qa8+ Kh7 67. Qc8 Qf1+ 68. Kg4 Qd1+ 69. Kh3 Qh1+ 70. Kg4 Qd1+
1/2-1/2

[Event "XI Festival A"]
[Site "Verona ITA"]
[Date "2005.01.03"]
[Round "2"]
[White "Trabert, Bettina"]
[Black "Guglielmi, Dante"]
[Result "1-0"]
[WhiteElo "2357"]
[BlackElo "2113"]
[PlyCount "107"]
[EventDate "2005.01.02"]

1. e4 c5 2. Nf3 d6 3. d4 cxd4 4. Nxd4 Nf6 5. Nc3 a6 6. g3 e5 7. Nb3 Be7 8. Bg2
Be6 9. O-O O-O 10. a4 Nc6 11. Nd5 Bxd5 12. exd5 Na5 13. Nxa5 Qxa5 14. Bd2 Qc5
15. Be3 Qc4 16. a5 Rac8 17. c3 Nd7 18. Re1 f5 19. f4 e4 20. Bf1 Qc7 21. c4 Nf6
22. b4 Ng4 23. Bb6 Qd7 24. h3 Nf6 25. Rc1 Qe8 26. Be2 Nd7 27. Be3 Bd8 28. Kh2
Rf6 29. Qa4 Rf8 30. c5 dxc5 31. bxc5 Nf6 32. Qa2 Kh8 33. Red1 Qf7 34. Qd2 Qc7
35. c6 Qf7 36. cxb7 Qxb7 37. Rxc8 Qxc8 38. Rc1 Qb7 39. Rc6 Qb3 40. Bc4 Qa4 41.
Bb6 Nd7 42. Bxd8 Rxd8 43. Rc7 Nf6 44. Bxa6 Qa3 45. Rc8 Rxc8 46. Bxc8 Nh5 47.
Qf2 Qxa5 48. d6 Qc3 49. Bxf5 Qd3 50. d7 Nf6 51. Qb2 Qd6 52. Qa2 e3 53. Qa8+ Ng8
54. d8=Q 1-0

[Event "XI Festival A"]
[Site "Verona ITA"]
[Date "2005.01.03"]
[Round "3"]
[White "Astengo, Corrado"]
[Black "Delizia, Costantino"]
[Result "1/2-1/2"]
[WhiteElo "2139"]
[BlackElo "2152"]
[PlyCount "82"]
[EventDate "2005.01.02"]

1. e4 e6 2. d4 d5 3. Nc3 Bb4 4. e5 c5 5. Bd2 Ne7 6. Nb5 Bxd2+ 7. Qxd2 O-O 8.
dxc5 Nd7 9. f4 Nxc5 10. Nf3 Ne4 11. Qd3 Bd7 12. Nbd4 Nc6 13. c3 f6 14. Be2 fxe5
15. fxe5 Qb6 16. Rb1 Qc7 17. Nxc6 bxc6 18. O-O Qb6+ 19. Qd4 c5 20. Qe3 c4 21.
Qxb6 axb6 22. a3 Rxf3 23. Bxf3 Nd2 24. Rbd1 Nxf1 25. Rxf1 Rf8 26. Bg4 Rxf1+ 27.
Kxf1 Kf7 28. Kf2 Ba4 29. Ke3 Bc2 30. Kd4 Ke7 31. Ke3 Kd7 32. Kd2 Bf5 33. Bd1
Kc6 34. Ba4+ Kc5 35. Ke3 b5 36. Bd1 g5 37. h3 Be4 38. g3 Bf5 39. h4 h6 40. hxg5
hxg5 41. Be2 Bh3 1/2-1/2

[Event "XI Festival A"]
[Site "Verona ITA"]
[Date "2005.01.03"]
[Round "3"]
[White "Brunello, Sabino"]
[Black "Luther, Thomas"]
[Result "1-0"]
[WhiteElo "2268"]
[BlackElo "2543"]
[PlyCount "59"]
[EventDate "2005.01.02"]

1. e4 e6 2. d4 d5 3. e5 c5 4. c3 Nc6 5. Nf3 Bd7 6. a3 f6 7. Bd3 Nh6 8. O-O Nf7
9. Re1 fxe5 10. Nxe5 Ncxe5 11. dxe5 Qc7 12. Nd2 O-O-O 13. Nf3 Be7 14. b4 c4 15.
Bc2 g5 16. Qe2 g4 17. Nd4 Rdg8 18. a4 h5 19. Nf5 Bd8 20. a5 exf5 21. e6 Nd6 22.
exd7+ Qxd7 23. Ba4 Qf7 24. Bf4 Ne4 25. Qe3 Bc7 26. Bxc7 Qxc7 27. Qxa7 Nxc3 28.
a6 b5 29. Qd4 Nxa4 30. a7 1-0

[Event "XI Festival A"]
[Site "Verona ITA"]
[Date "2005.01.03"]
[Round "3"]
[White "Bruno, Fabio"]
[Black "Esposito, Luca"]
[Result "1/2-1/2"]
[WhiteElo "2379"]
[BlackElo "2212"]
[PlyCount "112"]
[EventDate "2005.01.02"]

1. d4 Nf6 2. Nf3 e6 3. e3 c5 4. Bd3 Nc6 5. c3 d5 6. Nbd2 Be7 7. O-O Qc7 8. Re1
O-O 9. e4 dxe4 10. Nxe4 cxd4 11. cxd4 Nb4 12. Bg5 Nxd3 13. Qxd3 Nxe4 14. Qxe4
f6 15. Rac1 Qb6 16. Be3 Qxb2 17. Rxc8 Rfxc8 18. Qxe6+ Kf8 19. Qxe7+ Kxe7 20.
Bc1+ Kd7 21. Bxb2 Rc2 22. Rb1 Re8 23. Bc1 b6 24. a3 Rec8 25. Bd2 Ra2 26. Kf1
Rxa3 27. Ke2 Rc2 28. Ne1 Rc4 29. Be3 Rcc3 30. Rb2 Rab3 31. Ra2 Ra3 32. Rc2
Rxc2+ 33. Nxc2 Rb3 34. Bc1 a5 35. Kd2 b5 36. Na3 Kc6 37. Kc2 a4 38. Bb2 Kd5 39.
Nb1 b4 40. Ba1 h5 41. h4 g6 42. Bb2 Rxb2+ 43. Kxb2 Kxd4 44. Kc2 g5 45. Nd2 b3+
46. Kb2 Kd3 47. hxg5 fxg5 48. Nf3 Ke2 49. Nxg5 Kxf2 50. Ne6 Kg3 51. Ng7 h4 52.
Nf5+ Kg4 53. Ne7 Kf4 54. Ng6+ Kg5 55. Nf8 Kf5 56. Kc3 Kg4 1/2-1/2

[Event "XI Festival A"]
[Site "Verona ITA"]
[Date "2005.01.03"]
[Round "3"]
[White "Capitelli, Paolo"]
[Black "Buchicchio, Giampaolo"]
[Result "1/2-1/2"]
[WhiteElo "2161"]
[BlackElo "2288"]
[PlyCount "139"]
[EventDate "2005.01.02"]

1. e4 c5 2. Nf3 Nc6 3. d4 cxd4 4. Nxd4 Nf6 5. Nc3 e5 6. Ndb5 d6 7. Bg5 a6 8.
Na3 b5 9. Nd5 Qa5+ 10. Bd2 Qd8 11. Bg5 Be7 12. Bxf6 Bxf6 13. c3 Rb8 14. Nc2 Bg5
15. Be2 O-O 16. O-O a5 17. b4 Ne7 18. Nxe7+ Bxe7 19. Ne3 Bd7 20. Nd5 Bg5 21. a3
Kh8 22. Kh1 f5 23. exf5 Bxf5 24. f4 exf4 25. Nxf4 Bf6 26. Nd5 Be5 27. Qe1 Be6
28. Rd1 Qg5 29. Bf3 axb4 30. axb4 Rf7 31. g3 Rbf8 32. Qe2 h6 33. Bg2 Bg4 34.
Rxf7 Rxf7 35. Qxb5 Qh5 36. Rf1 Bxg3 37. Qe8+ Kh7 38. Be4+ Bf5 39. Bxf5+ Rxf5
40. Qxh5 Rxh5 41. Kg2 Be5 42. h3 Rg5+ 43. Kf2 Bd4+ 44. cxd4 Rxd5 45. Ke3 Rb5
46. Rb1 Kg6 47. Ke4 Kh5 48. Rb3 Kh4 49. Kd3 d5 50. Ke2 Kg5 51. Kf3 Kf5 52. Rb2
g5 53. Rb3 h5 54. Ke3 g4 55. hxg4+ Kxg4 56. Rb1 Kg3 57. Rg1+ Kh2 58. Rg5 h4 59.
Rf5 h3 60. Kf2 Rxb4 61. Rxd5 Rb2+ 62. Kf1 Kg3 63. Rg5+ Kf3 64. Kg1 Rd2 65. d5
Kf4 66. Rg8 Ke5 67. Rh8 Rg2+ 68. Kh1 Rg3 69. Kh2 Rg2+ 70. Kxh3 1/2-1/2

[Event "XI Festival A"]
[Site "Verona ITA"]
[Date "2005.01.03"]
[Round "3"]
[White "Caruso, Augusto"]
[Black "Ortega, Lexy"]
[Result "1/2-1/2"]
[WhiteElo "2214"]
[BlackElo "2445"]
[PlyCount "34"]
[EventDate "2005.01.02"]

1. Nc3 d5 2. d4 Nf6 3. Bg5 c5 4. e3 Nc6 5. Nf3 Ne4 6. Nxe4 dxe4 7. d5 Nb4 8.
Ne5 a6 9. Bc4 b5 10. a3 bxc4 11. axb4 f6 12. Qh5+ g6 13. Nxg6 hxg6 14. Qxg6+
Kd7 15. Qf5+ Ke8 16. Qg6+ Kd7 17. Qf5+ Ke8 1/2-1/2

[Event "XI Festival A"]
[Site "Verona ITA"]
[Date "2005.01.03"]
[Round "3"]
[White "Cocchi, Andrea"]
[Black "Pechy, Alaster"]
[Result "1/2-1/2"]
[WhiteElo "2290"]
[BlackElo "2176"]
[PlyCount "91"]
[EventDate "2005.01.02"]

1. Nf3 g6 2. e4 c5 3. Bc4 Bg7 4. c3 d6 5. d4 cxd4 6. cxd4 Nf6 7. Qe2 O-O 8. Nc3
Nc6 9. e5 Ng4 10. e6 fxe6 11. Bxe6+ Kh8 12. d5 Nce5 13. Nxe5 Nxe5 14. Bxc8 Rxc8
15. O-O Qc7 16. Bg5 h6 17. Be3 Qc4 18. Qc2 b5 19. Qe2 b4 20. Qxc4 Nxc4 21. Nb5
a6 22. Na7 Nxe3 23. fxe3 Rxf1+ 24. Rxf1 Rc2 25. b3 Rxa2 26. Nc6 Rb2 27. Nxb4
Rxb3 28. Nxa6 Rxe3 29. Nc7 Bd4 30. Kh1 Ra3 31. Rf8+ Kh7 32. g3 Bf6 33. Ne8 Rd3
34. Kg2 h5 35. Kf2 Kh6 36. Nxf6 exf6 37. Rxf6 Rxd5 38. Re6 Kg7 39. Re7+ Kf6 40.
Rd7 Ke6 41. Rg7 Kf6 42. Rd7 g5 43. h3 g4 44. hxg4 hxg4 45. Ke3 Rf5 46. Ke4
1/2-1/2

[Event "XI Festival A"]
[Site "Verona ITA"]
[Date "2005.01.03"]
[Round "3"]
[White "D'Innocente, Stefano"]
[Black "Martinez, Rolly"]
[Result "0-1"]
[WhiteElo "2280"]
[BlackElo "2416"]
[PlyCount "84"]
[EventDate "2005.01.02"]

1. e4 c5 2. Nf3 e6 3. d4 cxd4 4. Nxd4 Nf6 5. Nc3 Nc6 6. Ndb5 d6 7. Bf4 e5 8.
Bg5 a6 9. Na3 Be6 10. Nc4 Rc8 11. Bxf6 gxf6 12. Ne3 Bh6 13. Ncd5 Bxe3 14. Nxe3
Qb6 15. Qb1 Ne7 16. Bd3 d5 17. c3 d4 18. cxd4 exd4 19. Nf5 Qb4+ 20. Ke2 Nxf5
21. exf5 Bd5 22. f3 Rg8 23. Rc1 Bc6 24. Kf1 Qd2 25. Rc2 Qf4 26. Kg1 Kf8 27. Qf1
Re8 28. Re1 Re5 29. Rxe5 fxe5 30. Bxa6 Qxf5 31. Bd3 Qf4 32. Be4 Bxe4 33. fxe4
Qxe4 34. Re2 Qd5 35. Rf2 Rg6 36. h3 d3 37. Qc1 Rd6 38. Qc7 Rd7 39. Qc8+ Kg7 40.
Rd2 e4 41. Qc3+ f6 42. Rf2 Qd4 0-1

[Event "XI Festival A"]
[Site "Verona ITA"]
[Date "2005.01.03"]
[Round "3"]
[White "Guglielmi, Dante"]
[Black "Vocaturo, Daniele"]
[Result "0-1"]
[WhiteElo "2113"]
[BlackElo "2276"]
[PlyCount "142"]
[EventDate "2005.01.02"]

1. c4 e5 2. Nc3 d6 3. g3 f5 4. Bg2 Nf6 5. e3 Be7 6. Nge2 O-O 7. O-O Kh8 8. d3
Qe8 9. Nd5 Nxd5 10. Bxd5 Qh5 11. Nc3 Qh6 12. Bg2 Nd7 13. b4 Nf6 14. Nd5 Nxd5
15. Bxd5 e4 16. b5 Qg6 17. f3 Qe8 18. Qa4 exd3 19. f4 Qh5 20. Qd1 Qxd1 21. Rxd1
a6 22. a4 axb5 23. cxb5 Ra7 24. Bd2 Bd7 25. Bc4 b6 26. a5 Bf6 27. Ra2 Rfa8 28.
a6 c6 29. bxc6 Bxc6 30. Bb4 b5 31. Bxd3 g6 32. Bxd6 Rd7 33. Be2 Rad8 34. Bc5
Rxd1+ 35. Bxd1 g5 36. Kf2 gxf4 37. exf4 Bc3 38. Bf3 Bxf3 39. Kxf3 b4 40. a7 Ra8
41. Ra5 b3 42. Rb5 b2 43. Rb7 h6 44. g4 fxg4+ 45. Kxg4 Bg7 46. Kf3 h5 47. Ke2
Kh7 48. Kd2 Rd8+ 49. Ke2 Ra8 50. f5 Kg8 51. Kf3 Be5 52. h3 Rc8 53. Be3 Kf8 54.
Ke4 Bf6 55. Rb8 Ke7 56. Rb7+ Kd6 57. Rxb2 Bxb2 58. Bf4+ Kc6 59. Bb8 Re8+ 60.
Kf4 Bc1+ 61. Kg3 Re3+ 62. Kh4 Ra3 63. Kxh5 Be3 64. f6 Bxa7 65. Bxa7 Rxa7 66.
Kg6 Kd7 67. h4 Ke8 68. h5 Kf8 69. h6 Kg8 70. Kf5 Kh7 71. Ke6 Kxh6 0-1

[Event "XI Festival A"]
[Site "Verona ITA"]
[Date "2005.01.03"]
[Round "3"]
[White "Guido, Flavio"]
[Black "Godena, Michele"]
[Result "0-1"]
[WhiteElo "2342"]
[BlackElo "2544"]
[PlyCount "138"]
[EventDate "2005.01.02"]

1. e4 e5 2. Nf3 Nc6 3. Bc4 Nf6 4. d3 h6 5. O-O d6 6. Re1 g6 7. d4 Bg4 8. Bb5
Nd7 9. c3 Bg7 10. d5 Ne7 11. h3 Bxf3 12. Qxf3 O-O 13. Bxd7 Qxd7 14. c4 f5 15.
Nc3 Kh7 16. Qd3 f4 17. f3 Bf6 18. Bd2 h5 19. Kf1 g5 20. Ke2 Rg8 21. Rh1 Rg6 22.
Nd1 Kg7 23. Nf2 Ng8 24. Rag1 Nh6 25. g4 fxg3 26. Rxg3 Rg8 27. Be3 Nf7 28. Rhg1
Kf8 29. Qb3 b6 30. Qb5 Qxb5 31. cxb5 R6g7 32. Rc1 Bd8 33. a4 Ke8 34. a5 Kd7 35.
Nd3 g4 36. fxg4 Bh4 37. Rg2 hxg4 38. Rxg4 Rxg4 39. hxg4 Rxg4 40. axb6 axb6 41.
Rc4 Bg5 42. Bf2 Bd8 43. Kf3 Rg8 44. Be3 Bg5 45. Bf2 Bd8 46. Be3 Bh4 47. Rc1
Rg3+ 48. Ke2 Bg5 49. Bxg5 Nxg5 50. Rc4 Rh3 51. Nb4 Rh2+ 52. Kd3 Rxb2 53. Na6
Rb3+ 54. Kc2 Rxb5 55. Rxc7+ Kd8 56. Rc4 Ra5 57. Nb4 Rc5 58. Rxc5 bxc5 59. Nc6+
Kc7 60. Kd3 Kb6 61. Ne7 Kb5 62. Nf5 c4+ 63. Ke3 Kc5 64. Ng7 Kb4 65. Nf5 Nf7 66.
Kd2 Kb3 67. Ne3 Ng5 68. Nf5 Nxe4+ 69. Ke3 c3 0-1

[Event "XI Festival A"]
[Site "Verona ITA"]
[Date "2005.01.03"]
[Round "3"]
[White "Mrdja, Milan"]
[Black "Lettieri, Giuseppe"]
[Result "1/2-1/2"]
[WhiteElo "2395"]
[BlackElo "2202"]
[PlyCount "50"]
[EventDate "2005.01.02"]

1. e4 c5 2. Nf3 d6 3. d4 cxd4 4. Nxd4 Nf6 5. f3 e5 6. Bb5+ Nbd7 7. Nf5 a6 8.
Bxd7+ Qxd7 9. Bg5 d5 10. Bxf6 gxf6 11. Qe2 Qd8 12. Nd2 Bxf5 13. exf5 Qb6 14.
O-O-O Bh6 15. Kb1 O-O-O 16. c4 Bxd2 17. Rxd2 dxc4 18. Rc2 Kb8 19. Rxc4 Rd5 20.
Rd1 Rxd1+ 21. Qxd1 Rd8 22. Qc1 Qf2 23. Rc2 Qd4 24. Rc3 Qf2 25. Rc2 Qd4 1/2-1/2

[Event "XI Festival A"]
[Site "Verona ITA"]
[Date "2005.01.03"]
[Round "3"]
[White "Padovani, Alessio"]
[Black "Danieli, Enrico"]
[Result "0-1"]
[WhiteElo "2091"]
[BlackElo "2150"]
[PlyCount "94"]
[EventDate "2005.01.02"]

1. c4 e6 2. g3 f5 3. Bg2 Nf6 4. d3 d6 5. Nc3 Nc6 6. a3 g6 7. b4 Bg7 8. Bd2 O-O
9. Rb1 e5 10. Qc1 e4 11. Nh3 exd3 12. exd3 Re8+ 13. Be3 Ne5 14. Qd2 Neg4 15.
O-O Nxe3 16. fxe3 c6 17. Rbe1 Ng4 18. Nd1 Bd7 19. Kh1 a5 20. Nhf2 Nf6 21. Nc3
axb4 22. axb4 Qb6 23. b5 Ra3 24. bxc6 bxc6 25. d4 Qb3 26. Rc1 Bh6 27. Rfe1 Rea8
28. Bf1 Be6 29. c5 dxc5 30. dxc5 Nd5 31. Nfd1 Ra1 32. Rxa1 Rxa1 33. Nxd5 Bxd5+
34. Bg2 Bxg2+ 35. Qxg2 Rxd1 36. Qe2 Rxe1+ 37. Qxe1 Qd5+ 38. Kg1 Qxc5 39. Qb1
Bxe3+ 40. Kg2 Qd5+ 41. Kh3 g5 42. Qb8+ Kg7 43. Qe8 g4+ 44. Kh4 Bc5 45. Qe2 Qd8+
46. Kh5 Qf6 47. Qd2 Be7 0-1

[Event "XI Festival A"]
[Site "Verona ITA"]
[Date "2005.01.03"]
[Round "3"]
[White "Perryman, Marcus"]
[Black "Opacic, Alexandar"]
[Result "0-1"]
[WhiteElo "2077"]
[BlackElo "2140"]
[PlyCount "148"]
[EventDate "2005.01.02"]

1. e4 c5 2. Nf3 e6 3. d4 cxd4 4. Nxd4 a6 5. Nc3 Qc7 6. g3 Nf6 7. Bg2 Nc6 8. O-O
Nxd4 9. Qxd4 Bc5 10. Qd3 h5 11. Bf4 d6 12. Rad1 e5 13. Bg5 Be6 14. a3 Bc4 15.
Qf3 Bxf1 16. Rxf1 Bd4 17. Bxf6 Bxc3 18. Bxg7 Rh7 19. bxc3 Rxg7 20. Qxh5 O-O-O
21. Rd1 Kb8 22. Qh6 Rg6 23. Qe3 Rc8 24. Bh3 Rh8 25. Bf5 Rgh6 26. h4 Qc6 27. Rd5
Rh5 28. Bg4 R5h6 29. Be2 f5 30. c4 f4 31. Qf3 Qb6 32. c5 dxc5 33. Rxe5 fxg3 34.
fxg3 c4+ 35. Kg2 Qb2 36. Rc5 Rf6 37. Rf5 Rc6 38. Qf4+ Ka8 39. Rf8+ Rxf8 40.
Qxf8+ Ka7 41. Qf2+ Qb6 42. h5 Rc5 43. Qd4 c3 44. Qg7 Rc6 45. Bd3 Rf6 46. e5
Rf2+ 47. Kh3 Qe6+ 48. Kh4 Rf7 49. Qg5 b6 50. Qg6 Qe7+ 51. Kh3 Rg7 52. Qf6 Qb7
53. Kh2 Rf7 54. Qe6 Rf2+ 55. Kh3 Qh1+ 56. Kg4 Qf3+ 57. Kg5 Qxg3+ 58. Kh6 Qf4+
59. Kh7 Qf8 60. Qd7+ Kb8 61. Qd6+ Qxd6 62. exd6 Kc8 63. Bg6 b5 64. Kg7 a5 65.
h6 Kd7 66. h7 Rh2 67. h8=Q Rxh8 68. Kxh8 Kxd6 69. Kg7 Kc5 70. Kf6 b4 71. a4 b3
72. cxb3 Kb4 73. Bc2 Ka3 74. Ke5 Kb2 0-1

[Event "XI Festival A"]
[Site "Verona ITA"]
[Date "2005.01.03"]
[Round "3"]
[White "Popa, Florin"]
[Black "Facchetti, Gianni"]
[Result "1-0"]
[WhiteElo "2216"]
[BlackElo "2162"]
[PlyCount "91"]
[EventDate "2005.01.02"]

1. Nf3 Nf6 2. b3 d6 3. d4 Nbd7 4. Bb2 c5 5. e3 e6 6. c4 Be7 7. Bd3 b6 8. Nbd2
Bb7 9. O-O Rc8 10. Rc1 O-O 11. Bb1 Re8 12. Ng5 Nf8 13. dxc5 dxc5 14. e4 N6d7
15. Ngf3 f6 16. Ne1 Qc7 17. f4 Rcd8 18. Rc3 e5 19. f5 Nb8 20. Rd3 Rxd3 21. Bxd3
Rd8 22. Qg4 Nc6 23. Rf3 Bd6 24. h4 Qe7 25. Bc1 Bc7 26. Nf1 Nd4 27. Rg3 Rd7 28.
h5 Kh8 29. Ne3 Qf7 30. h6 g5 31. fxg6 hxg6 32. Nd5 Bxd5 33. cxd5 Kh7 34. Nf3
Nxf3+ 35. Rxf3 Bd8 36. Bc4 Rd6 37. a4 Qd7 38. Qg3 a5 39. Bb5 Qf7 40. Qg4 Nd7
41. Be3 Nf8 42. Qc8 Qc7 43. Qh3 Qf7 44. g4 Qg8 45. g5 fxg5 46. Qf1 1-0

[Event "XI Festival A"]
[Site "Verona ITA"]
[Date "2005.01.03"]
[Round "3"]
[White "Salvador, Roland"]
[Black "Sbarra, Marco"]
[Result "1/2-1/2"]
[WhiteElo "2340"]
[BlackElo "2204"]
[PlyCount "92"]
[EventDate "2005.01.02"]

1. c4 e6 2. Nf3 d5 3. d4 c5 4. e3 Nc6 5. a3 Nf6 6. Nc3 a6 7. dxc5 Bxc5 8. b4
Be7 9. Bb2 dxc4 10. Bxc4 Qxd1+ 11. Rxd1 O-O 12. Bb3 b5 13. e4 a5 14. e5 Nd7 15.
O-O axb4 16. axb4 Ndxe5 17. Nxe5 Nxe5 18. Nxb5 Rb8 19. Na7 Rxb4 20. Nxc8 Rxc8
21. Bxe6 Nf3+ 22. gxf3 fxe6 23. Rd7 Rxb2 24. Rxe7 Rbc2 25. Rxe6 Kf7 26. Rfe1
Rc1 27. Kg2 Rxe1 28. Rxe1 Rc6 29. Re4 Rg6+ 30. Rg4 Ra6 31. h4 Rb6 32. Rg5 Rb4
33. Kg3 Kf6 34. Rh5 Kg6 35. Rc5 Rb1 36. f4 Rg1+ 37. Kf3 Rh1 38. f5+ Kf6 39. Kg4
Rf1 40. Rc6+ Kf7 41. f3 Rg1+ 42. Kf4 Rh1 43. f6 gxf6 44. Kf5 Rxh4 45. Rxf6+ Kg7
46. Ke6 Ra4 1/2-1/2